EXTRACTION PROCESSING OF WASTE CONTAINING LONG-LIVED RADIONUCLIDES, USING ZIRCONIUM SALT OF DIBUTYL PHOSPHORIC ACID

Bibliographic Details
Main Authors: Fedorov, Yu. S. (Author), Strelnikov, A. V. (Author), Zilberman, B. Ya (Author), Kukharev, D. N. (Author), Mishin, E. N. (Author), Choppin, G. R. (Author), Shmidt, O. V. (Author)
Format: Article
Language:English
ISBN:8022318779

MARC

LEADER 00000naa a2200000uu 4500
001 vtls011062415
003 SK-MaSNL
005 20260302135752.0
008 210906|2003 xo |||||||||||||||||eng|
015 |a SNBRA 
035 |a (urnnbn)urn:nbn:sk:snk:ar-a0c3qt 
035 |a (uuid)4b331016-e308-4a42-a973-a4257d882c01 
035 |a urn:nbn:sk:snk-aava8v 
040 |a SNKBUCL  |b slo  |c SNKBUCL  |e AACR2 
041 0 |a eng 
044 |a xo  |c SK 
100 1 |a Fedorov, Yu. S.  |4 aut  |9 825010 
245 1 0 |a EXTRACTION PROCESSING OF WASTE CONTAINING LONG-LIVED RADIONUCLIDES, USING ZIRCONIUM SALT OF DIBUTYL PHOSPHORIC ACID  |c Yu. S. Fedorov, A. V. Strelnikov, B. Ya. Zilberman, D. N. Kukharev, E. N. Mishin, G. R. Choppin, O. V. Shmidt 
700 1 |a Strelnikov, A. V.  |4 aut  |9 825016 
700 1 |a Zilberman, B. Ya.  |4 aut  |9 825005 
700 1 |a Kukharev, D. N.  |4 aut  |9 825017 
700 1 |a Mishin, E. N.  |4 aut  |9 825007 
700 1 |a Choppin, G. R.  |4 aut  |9 825008 
700 1 |a Shmidt, O. V.  |4 aut  |9 825004 
773 0 |t Separation of Ionic Solutes  |d Bratislava : Comenius University, 2003  |g S. 85-86  |z 8022318779 
958 |a OND 
958 |a article12 
958 |a chapter 
999 |c 1328124  |d 1330054